000 00693nam a2200229Ii 4500
003 JO-AjNU
008 230605s9999||||xx |||||||||||||| ||und||
017 _a1423/6530
020 _a9960-43-591-1
040 _aJO-AjNU
_bara
_erda
_cJO-AjNU
041 _aara
050 1 4 _aDS119.7.U84 2003
100 3 _aالعثيمين، عبدالله صالح,
_eauthor
_947592
245 0 0 _aخواطر حول القضية
250 _aط1
264 3 1 _aالرياض: المؤلف، 2003
300 _a252ص
336 _atext
_btxt
_2rdacontent
337 _aunmediated
_bn
_2rdamedia
338 _avolume
_bnc
_2rdacarrier
650 4 _aالمقالات العربية - السعودية
_947593
999 _aA20786
_c24354
_d24354